<?xml version="1.0" encoding="UTF-8"?>
<collection xmlns="http://www.loc.gov/MARC21/slim">
 <record>
  <leader>06733nam a2200469 a 4500</leader>
  <controlfield tag="001">kal1478</controlfield>
  <controlfield tag="003">Gr-AtHEAL</controlfield>
  <controlfield tag="005">20160506105113.0</controlfield>
  <controlfield tag="006">m        d        </controlfield>
  <controlfield tag="008">160413s2015    gr      s           gre|c</controlfield>
  <datafield tag="020" ind1=" " ind2=" ">
   <subfield code="a">9789606031687</subfield>
  </datafield>
  <datafield tag="040" ind1=" " ind2=" ">
   <subfield code="a">GR-AtHEAL</subfield>
   <subfield code="b">gre</subfield>
   <subfield code="c">GR-AtHEAL</subfield>
  </datafield>
  <datafield tag="082" ind1="0" ind2="4">
   <subfield code="a">618</subfield>
   <subfield code="2">23</subfield>
  </datafield>
  <datafield tag="100" ind1="1" ind2=" ">
   <subfield code="a">Πετρίδου, Ελένη.</subfield>
   <subfield code="8">251</subfield>
  </datafield>
  <datafield tag="245" ind1="1" ind2="0">
   <subfield code="a">Παιδιά και έφηβοι στην Ελλάδα της κρίσης</subfield>
   <subfield code="h">[Ηλεκτρονικός πόρος] </subfield>
   <subfield code="b">Ιατροκοινωνική φροντίδα</subfield>
   <subfield code="c">Πετρίδου, Ελένη ;  Εμποριάδου, Μαρία ;  Χρούσος, Γεώργιος ; Κριτικός αναγνώστης,Χατζηστυλιανού, Μαρία ; Τεχνική επιμέλεια,Αλεξόπουλος, Αλλέξανδρος.</subfield>
  </datafield>
  <datafield tag="260" ind1=" " ind2=" ">
   <subfield code="a">Αθήνα :</subfield>
   <subfield code="b">Σύνδεσμος Ελληνικών Ακαδημαϊκών Βιβλιοθηκών,</subfield>
   <subfield code="c">c2015.</subfield>
  </datafield>
  <datafield tag="490" ind1=" " ind2=" ">
   <subfield code="a">Ακαδημαϊκά Ηλεκτρονικά Συγγράμματα και Βοηθήματα Κάλλιπος</subfield>
   <subfield code="8">40</subfield>
  </datafield>
  <datafield tag="520" ind1=" " ind2=" ">
   <subfield code="a">Νόμοι &amp; διεθνείς συμβάσεις που συνυπογράφει η χώρα μας καθορίζουν τα δικαιώματα στην υγεία του ευάλωτου πληθυσμού των παιδιών/εφήβων. Ωστόσο, σε περιόδους κρίσης, χρειάζεται περιχαράκωση των υγειονομικών επιτευγμάτων, στοχοθεσία, επαναπροσανατολισμός των δράσεων διεπιστημονικής συνεργασίας για πιο ανταποδοτική αξιοποίηση των υφιστάμενων πόρων &amp; στενή παρακολούθηση της επίτευξης των πλάνων.Το βοήθημα, Παιδιά &amp; Έφηβοι στα χρόνια της κρίσης: ιατροκοινωνική φροντίδα, εκπηγάζει από την αντίστοιχη Λευκή Βίβλο Κοινωνικής Παιδιατρικής (socped.gr) &amp; το στρατηγικό σχέδιο συντονισμένων δράσεων ενός τομέα που απορροφά σημαντικό μέρος του προϋπολογισμού υγείας. Βασισμένο σε σύγχρονες παιδαγωγικές μεθόδους, με δυνατότητες ετήσιας επικαιροποίησης περιεχομένου, το βοήθημα στοχεύει στην κάλυψη εκπαιδευτικού κενού του προγράμματος Σχολών Επαγγελμάτων Υγείας σε: α. καλές πρακτικές στις διαδικασίες διατήρησης της παρεχόμενης ποιοτικής φροντίδας, β. συμμετοχή στην ανάπτυξη υγειονομικών δεικτών, γ. εξοικείωση με αιτίες υπο/υπερδιάγνωσης &amp; υπο/υπερθεραπείας χρόνιων νοσημάτων με επιπτώσεις στο κόστος των υπηρεσιών &amp; την ποιότητα ζωής πασχόντων/οικογενειών, δ. οφέλη από τη συμμετοχή στην ολιστική αντιμετώπισης των πασχόντων &amp; διασύνδεση των υπηρεσιών υγείας. Με μεθοδολογία ανάπτυξης ομοφωνίας Ελλήνων ειδικών επιχειρείται να καλυφθούν τρέχουσες ελλείψεις σε δείκτες υγείας/καταγραφές υγειονομικών υπηρεσιών &amp; να αναδυθούν αδύνατοι κρίκοι στη διαγνωστική, θεραπευτική &amp; υποστηρικτική προσπέλαση. Η διεξοδική κάλυψη της θεματολογίας επιχειρείται στα κύρια κεφάλαια: Περιγεννητική Φροντίδα, Φροντίδα Παιδιών/Εφήβων με Χρόνια Προβλήματα Υγείας/Ειδικές Ανάγκες &amp; Εφηβιατρική Φροντίδα. Απαρίθμηση των επιδιωκόμενων εκπαιδευτικών στόχων, ανάπτυξη περιεχομένου, σύνοψη, διαδικτυακές δραστηριότητες εμπέδωσης γνώσεων &amp; βιβλιογραφικές πηγές υπάρχουν στα επιμέρους υποκεφάλαια, που καλύπτουν το φάσμα της παροχής ιατροκοινωνικών υπηρεσιών &amp; αναγκών εκπαίδευσης πασχόντων &amp; εμπλεκομένων επαγγελματιών</subfield>
  </datafield>
  <datafield tag="650" ind1=" " ind2="0">
   <subfield code="a">Public health</subfield>
   <subfield code="8">2821</subfield>
  </datafield>
  <datafield tag="650" ind1=" " ind2="0">
   <subfield code="a">Pediatrics</subfield>
   <subfield code="8">2822</subfield>
  </datafield>
  <datafield tag="653" ind1=" " ind2=" ">
   <subfield code="a">Οικονομική κρίση</subfield>
  </datafield>
  <datafield tag="653" ind1=" " ind2=" ">
   <subfield code="a">Καλές πρακτικές ιατρικής φροντίδας</subfield>
  </datafield>
  <datafield tag="653" ind1=" " ind2=" ">
   <subfield code="a">Προγραμματισμός υγείας</subfield>
  </datafield>
  <datafield tag="653" ind1=" " ind2=" ">
   <subfield code="a">Παιδιατρικά χρόνια νοσήματα</subfield>
  </datafield>
  <datafield tag="653" ind1=" " ind2=" ">
   <subfield code="a">Εφηβιατρική</subfield>
  </datafield>
  <datafield tag="653" ind1=" " ind2=" ">
   <subfield code="a">Παροχές υγείας</subfield>
  </datafield>
  <datafield tag="653" ind1=" " ind2=" ">
   <subfield code="a">Περιγεννητική φροντίδα</subfield>
  </datafield>
  <datafield tag="653" ind1=" " ind2=" ">
   <subfield code="a">Πρόληψη</subfield>
  </datafield>
  <datafield tag="653" ind1=" " ind2=" ">
   <subfield code="a">Πολιτικές επιστήμες</subfield>
   <subfield code="a">Τομείς (της) πολιτικής</subfield>
   <subfield code="a">Πολιτική (της) υγείας</subfield>
  </datafield>
  <datafield tag="653" ind1=" " ind2=" ">
   <subfield code="a">Επιστήμες υγείας</subfield>
   <subfield code="a">Ιατρική </subfield>
   <subfield code="a">Δημόσια υγεία</subfield>
   <subfield code="a">Προληπτική ιατρική</subfield>
   <subfield code="a">Προληπτικές υπηρεσίες υγείας</subfield>
  </datafield>
  <datafield tag="653" ind1=" " ind2=" ">
   <subfield code="a">Επιστήμες υγείας</subfield>
   <subfield code="a">Ιατρική </subfield>
   <subfield code="a">Δημόσια υγεία</subfield>
   <subfield code="a">Εθνικές υπηρεσίες υγείας</subfield>
  </datafield>
  <datafield tag="653" ind1=" " ind2=" ">
   <subfield code="a">Επιστήμες υγείας</subfield>
   <subfield code="a">Ιατρική </subfield>
   <subfield code="a">Δημόσια υγεία</subfield>
   <subfield code="a">Προληπτική ιατρική</subfield>
  </datafield>
  <datafield tag="653" ind1=" " ind2=" ">
   <subfield code="a">Επιστήμες υγείας</subfield>
   <subfield code="a">Ιατρική </subfield>
   <subfield code="a">Δημόσια υγεία</subfield>
  </datafield>
  <datafield tag="653" ind1=" " ind2=" ">
   <subfield code="a">Επιστήμες υγείας</subfield>
   <subfield code="a">Ιατρική </subfield>
   <subfield code="a">Δημόσια υγεία</subfield>
   <subfield code="a">Ιατρική φροντίδα</subfield>
  </datafield>
  <datafield tag="700" ind1="1" ind2=" ">
   <subfield code="a">Χρούσος, Γεώργιος</subfield>
   <subfield code="e">Συγγραφέας</subfield>
   <subfield code="8">252</subfield>
  </datafield>
  <datafield tag="700" ind1="1" ind2=" ">
   <subfield code="a">Εμποριάδου, Μαρία</subfield>
   <subfield code="e">Συγγραφέας</subfield>
   <subfield code="8">253</subfield>
  </datafield>
  <datafield tag="700" ind1="1" ind2=" ">
   <subfield code="a">Χατζηστυλιανού, Μαρία</subfield>
   <subfield code="e">Κριτικός αναγνώστης</subfield>
   <subfield code="8">254</subfield>
  </datafield>
  <datafield tag="856" ind1="4" ind2="0">
   <subfield code="u">http://hdl.handle.net/11419/1478</subfield>
   <subfield code="z">Πλήρες Κείμενο - Full text</subfield>
  </datafield>
  <datafield tag="907" ind1=" " ind2=" ">
   <subfield code="a">.b25679995</subfield>
   <subfield code="b">12-06-18</subfield>
   <subfield code="c">29-07-16</subfield>
  </datafield>
  <datafield tag="949" ind1=" " ind2=" ">
   <subfield code="0">0</subfield>
   <subfield code="1">0</subfield>
   <subfield code="2">ddc</subfield>
   <subfield code="4">0</subfield>
   <subfield code="6">618_000000000000000_ΠΕΤ</subfield>
   <subfield code="7">0</subfield>
   <subfield code="8">KALL</subfield>
   <subfield code="8">758</subfield>
   <subfield code="d">2016-04-13</subfield>
   <subfield code="r">2016-04-13</subfield>
   <subfield code="w">2016-04-13</subfield>
   <subfield code="z">618 ΠΕΤ</subfield>
   <subfield code="o">SEAB KALLIPOS</subfield>
  </datafield>
  <datafield tag="998" ind1=" " ind2=" ">
   <subfield code="a">80</subfield>
   <subfield code="a">01</subfield>
   <subfield code="a">02</subfield>
   <subfield code="a">03</subfield>
   <subfield code="a">04</subfield>
   <subfield code="a">05</subfield>
   <subfield code="a">06</subfield>
   <subfield code="a">07</subfield>
   <subfield code="a">08</subfield>
   <subfield code="a">09</subfield>
   <subfield code="a">10</subfield>
   <subfield code="a">11</subfield>
   <subfield code="a">12</subfield>
   <subfield code="a">13</subfield>
   <subfield code="a">14</subfield>
   <subfield code="a">15</subfield>
   <subfield code="a">16</subfield>
   <subfield code="a">17</subfield>
   <subfield code="a">18</subfield>
   <subfield code="a">19</subfield>
   <subfield code="a">20</subfield>
   <subfield code="a">21</subfield>
   <subfield code="a">22</subfield>
   <subfield code="a">23</subfield>
   <subfield code="a">24</subfield>
   <subfield code="a">25</subfield>
   <subfield code="a">26</subfield>
   <subfield code="b">16-05-17</subfield>
   <subfield code="c">m</subfield>
   <subfield code="d">z  </subfield>
   <subfield code="e">-</subfield>
   <subfield code="f">gre</subfield>
   <subfield code="g">gr </subfield>
   <subfield code="h">0</subfield>
  </datafield>
  <datafield tag="942" ind1=" " ind2=" ">
   <subfield code="2">ddc</subfield>
   <subfield code="c">KALLIPOS</subfield>
  </datafield>
 </record>
</collection>
